000 00477nam a2200193 a 4500
001 1759931644758
003 YourLibrary
005 20251010105902.0
008 251008s1890##################000#0#eng##
020 _a9789350091401
082 0 4 _a188
_bGIL
100 1 _aEpictetus,
_eauthor.
245 1 0 _aThe Discourses of Epictetus :
260 _c1890.
300 _a452 pages
650 0 _aConduct of life.
942 _cENGLISH
040 _aYourLibrary
_beng
_cYourLibrary
999 _c591379
_d591379